书目信息 |
| 题名: |
大教学论
|
|
| 作者: | 夸美纽斯 著 ;傅任敢 译 | |
| 分册: | ||
| 出版信息: | 北京 人民教育出版社 1984 |
|
| 页数: | 260页 | |
| 开本: | 21cm | |
| 丛书名: | 外国教育名著丛书 | |
| 单 册: | ||
| 中图分类: | G40-01 , G4 | |
| 科图分类: | ||
| 主题词: | 教育理论 , 教育 | |
| 电子资源: | ||
| ISBN: | ||
| 000 | 00709oam2 2200265 450 | |
| 001 | 1566632276 | |
| 005 | 20150131183107.89 | |
| 091 | @a7012.0831@d2.10 | |
| 100 | @a19951021d1984 em y0chiy0110 ea | |
| 101 | 1 | @achi@ccze |
| 102 | @aCN@b110000 | |
| 105 | @af z 000yy | |
| 200 | 1 | @a大教学论@9dai jiao xue lun@f(捷)夸美纽斯著@g傅任敢译 |
| 210 | @a北京@c人民教育出版社@d1984 | |
| 215 | @a260页@c照片@d21cm | |
| 225 | 2 | @a外国教育名著丛书 |
| 461 | 0 | @12001 @a外国教育名著丛书 |
| 606 | 0 | @a教育理论 |
| 606 | 0 | @a教育 |
| 690 | @aG40-01@v5 | |
| 690 | @aG4@v4 | |
| 701 | 1 | @a夸美纽斯@9kua mei niu si@4著 |
| 702 | 0 | @a傅任敢@9fu ren gan@4译 |
| 801 | 0 | @aCN@bTSSF@c20150131 |
| 905 | @aZUCC@dG4@eJY66 | |
| 大教学论/(捷)夸美纽斯著/傅任敢译.-北京:人民教育出版社,1984 |
| 260页:照片;21cm.-(外国教育名著丛书) |
| ISBN : |
| ● |
| 相关链接 |
|
|
|
|
正题名:大教学论
索取号:G4/JY66
 
预约/预借
| 序号 | 登录号 | 条形码 | 馆藏地/架位号 | 状态 | 备注 |
| 1 | 7848833 | 278488334 | 学院路分馆/ [索取号:G4/JY66] | 在馆 |